| 000 | 01159cab a22002415a 4500 | ||
|---|---|---|---|
| 001 | L148517 | ||
| 008 | 090929s2009 xxk f 000 0 eng d | ||
| 035 | _a(Sirsi) u148517 | ||
| 041 | 0 | _aeng | |
| 100 | 1 | _aDitchburn, Mathew | |
| 245 | 0 | 0 |
_aInternational rescue _binsolvency regimes |
| 260 | _c2009 | ||
| 490 | 0 |
_aLovells Real Estate Quarterly _vSummer 2009, 8-10(3) |
|
| 520 | _aInternational insolvency laws have a distinctly local feel when it comes to rescuing businesses. Each country has its own set of insolvency rules to deal with corporate failures. The UK way is compared to practice in the United States, France, Germany and Spain. The disparity between insolvency laws and the possibility of rescuing a company under its existing management has led to insolvency tourism, particularly in the case of German companies migrating to the UK for insolvency purposes. | ||
| 590 | _aKA | ||
| 650 | 2 | 4 | _aENTERPRISE ACT 2002 |
| 650 | 2 | 4 | _aLAW OF PROPERTY ACT 1925 |
| 650 | 2 | 4 | _aUNITED STATES CHAPTER 11 PROCEEDINGS |
| 650 | 2 | 4 | _aUNITED STATES BANKRUPTCY CODE |
| 651 | 4 | _aInternational | |
| 690 | _aMANAGEMENT-CORPORATE RECOVERY | ||
| 942 | _n0 | ||
| 999 |
_c81872 _d81872 |
||